000 00770cam a2200217 4500
001 WB3703-13
008 000000n2001 000 0 eng u
035 _a(Sirsi) u110389
245 _aWealth signals end to flatshares
260 _c2001
490 _aTimes
_v16 January 2001, 14(1)
520 _aA new report "Housing futures 2010" by the Centre for Business and Economics Research, suggests that flat-sharing will become less common as young people become wealthier and can afford to buy their own homes.
590 _aWB
650 _aHOUSEHOLD INFORMATION
650 _aFORECASTS
650 _aHOUSE PURCHASE
650 _aAFFORDABILITY
650 _aSINGLE PEOPLE
690 _aPROPERTY-RESIDENTIAL PROPERTY-RESIDENTIAL PROPERTY MARKET
942 _n0
999 _c65811
_d65811